| 000 | 00716nam a22002177a 4500 | ||
|---|---|---|---|
| 003 | BUBTL | ||
| 008 | 240327b ||||| |||| 00| 0 eng d | ||
| 020 | _a9789391818128 | ||
| 041 | _aeng | ||
| 082 | _a658.8/ K1419p/ 2023 | ||
| 100 |
_95789 _aKapoor, Neeru |
||
| 245 |
_aPrinciples of Marketing / _cNeeru Kapoor |
||
| 250 | _a2nd ed | ||
| 260 |
_aDelhi: _bPHI Learning Private Limited, _cc2023 |
||
| 300 |
_axix, 292 p. : _c24 cm |
||
| 505 | _aPrinciples of Marketing, Marketing, Marketing Environment, Marketing Information Systems and Marketing Research, Consumer Buying behaviour | ||
| 650 | 0 |
_953 _aMarketing |
|
| 856 |
_k0 _l0 _yDownload |
||
| 942 |
_2ddc _cBK |
||
| 999 |
_c7296 _d7296 |
||